[Event "SVK-ch U16"]
[Site "Liptovsky Mikulas"]
[Date "2018.04.25"]
[Round "7"]
[White "Antal, Jakub"]
[Black "Brnusak, Andrej"]
[Result "0-1"]
[WhiteElo "1801"]
[BlackElo "1884"]
[PlyCount "66"]
[EventDate "2018.04.21"]
[EventType "swiss"]
[EventRounds "9"]
[EventCountry "SVK"]
[SourceTitle "CBM 184 Extra"]
[Source "ChessBase"]
[SourceDate "2018.06.28"]
[SourceVersion "1"]
[SourceVersionDate "2018.06.28"]
[SourceQuality "1"]

1. e4 c5 2. Nf3 e6 3. d4 cxd4 4. Nxd4 Nc6 5. Nc3 Qc7 6. f4 a6 7. Be3 d6 8. Qf3 b5 9. a3 Bb7 10. Bd3 Nf6 11. 0-0 Be7 12. Rae1 0-0 13. Kh1 Nxd4 14. Bxd4 e5 15. Be3 Rad8 16. Bc1 Rd7 17. Nd5 Nxd5 18. exd5 Bf6 19. Qh3 g6 20. Be4 exf4 21. c3 Re7 22. Bxf4 Rfe8 23. Qg3 Rxe4 24. Rxe4 Rxe4 25. Bxd6 Qd8 26. Qd3 Re8 27. Bg3 Be5 28. Rd1 Bxg3 29. hxg3 Qd6 30. Kh2 Re5 31. Qc2 Bxd5 32. Qd2 Rh5+ 33. Kg1 Qxg3 0-1

[Event "SVK-ch U16"]
[Site "Liptovsky Mikulas"]
[Date "2018.04.22"]
[Round "3"]
[White "Brnusak, Andrej"]
[Black "Zahorcek, Jakub"]
[Result "1-0"]
[WhiteElo "1884"]
[BlackElo "1550"]
[PlyCount "61"]
[EventDate "2018.04.21"]
[EventType "swiss"]
[EventRounds "9"]
[EventCountry "SVK"]
[SourceTitle "CBM 184 Extra"]
[Source "ChessBase"]
[SourceDate "2018.06.28"]
[SourceVersion "1"]
[SourceVersionDate "2018.06.28"]
[SourceQuality "1"]

1. e4 e6 2. d4 d5 3. e5 c5 4. c3 Nc6 5. Nf3 Qb6 6. a3 a5 7. Bd3 Bd7 8. Bc2 Nge7 9. 0-0 Ng6 10. Re1 Be7 11. Ra2 0-0 12. Be3 cxd4 13. cxd4 Rfc8 14. Nc3 Na7 15. Bg5 Bf8 16. Be3 Nb5 17. Ne2 Rc7 18. Ng3 Rac8 19. Bd3 Na7 20. Ng5 Be7 21. h4 h6 22. Nxf7 Kxf7 23. Qh5 Kf8 24. Qxg6 Be8 25. Qh7 Bxh4 26. Bxh6 Bxg3 27. Qh8+ Ke7 28. Qxg7+ Bf7 29. Bg6 Bxf2+ 30. Kh1 Rf8 31. Qxf8+ 1-0

[Event "SVK-chT1E 1718"]
[Site "Slovakia"]
[Date "2018.02.03"]
[Round "7.7"]
[White "Panko, Radoslav"]
[Black "Brnusak, Andrej"]
[Result "1-0"]
[WhiteElo "2049"]
[BlackElo "1914"]
[PlyCount "59"]
[EventDate "2017.10.21"]
[EventType "team-tourn"]
[EventRounds "11"]
[EventCountry "SVK"]
[SourceTitle "EXT 2019"]
[Source "ChessBase"]
[SourceDate "2018.10.10"]
[SourceVersion "1"]
[SourceVersionDate "2018.10.10"]
[SourceQuality "1"]
[WhiteTeam "Bardejov"]
[BlackTeam "Liptov Chess School II"]
[WhiteTeamCountry "SVK"]
[BlackTeamCountry "SVK"]

1. b3 e5 2. Bb2 Nc6 3. e3 d5 4. Bb5 Bd6 5. f4 f6 6. fxe5 Bxe5 7. Bxe5 fxe5 8. Qh5+ Kf8 9. Bxc6 bxc6 10. Qxe5 Qf6 11. Nf3 Bg4 12. 0-0 Re8 13. Qxc7 Re7 14. Qb8+ Re8 15. Qxa7 Re7 16. Qb8+ Re8 17. Qb7 Qe7 18. Ne5+ Nf6 19. Qxe7+ Kxe7 20. Rxf6 gxf6 21. Nxg4 Rhg8 22. Nf2 Kd6 23. Nc3 f5 24. Ne2 Re7 25. Nf4 d4 26. exd4 Rge8 27. N2d3 Re4 28. c3 Rb8 29. a4 Re7 30. b4 1-0

[Event "SVK-chT1E 1718"]
[Site "Slovakia"]
[Date "2017.12.03"]
[Round "6.6"]
[White "Foglar, Ivan"]
[Black "Brnusak, Andrej"]
[Result "1-0"]
[WhiteElo "1991"]
[BlackElo "1914"]
[PlyCount "67"]
[EventDate "2017.10.21"]
[EventType "team-tourn"]
[EventRounds "11"]
[EventCountry "SVK"]
[SourceTitle "EXT 2019"]
[Source "ChessBase"]
[SourceDate "2018.10.10"]
[SourceVersion "1"]
[SourceVersionDate "2018.10.10"]
[SourceQuality "1"]
[WhiteTeam "Margecany OSK"]
[BlackTeam "Liptov Chess School II"]
[WhiteTeamCountry "SVK"]
[BlackTeamCountry "SVK"]

1. e4 c5 2. a3 Nc6 3. b4 e5 4. b5 Nd4 5. c3 Ne6 6. Nf3 Qc7 7. Bc4 Nf6 8. d3 Be7 9. 0-0 0-0 10. Re1 Rd8 11. Nbd2 d6 12. Nf1 b6 13. Qb3 h6 14. Ne3 Bf8 15. Bb2 Nf4 16. Rad1 Be6 17. Bc1 Bxc4 18. Qxc4 Qc8 19. Nf5 Ne6 20. d4 exd4 21. cxd4 Nc7 22. d5 Qd7 23. a4 Re8 24. Bb2 Nxe4 25. Nxh6+ gxh6 26. Rxe4 Qf5 27. Rg4+ Kh7 28. h3 h5 29. Nh4 Qd7 30. Qd3+ f5 31. Rg5 Kh6 32. Rxf5 Be7 33. Bc1+ Kg7 34. Qg3+ 1-0

[Event "Liptovsky Mikulas CupT U20"]
[Site "Liptovsky Mikulas"]
[Date "2017.06.25"]
[Round "7.1"]
[White "Chwistek, Karel"]
[Black "Brnusak, Andrej"]
[Result "1-0"]
[WhiteElo "1985"]
[BlackElo "1881"]
[PlyCount "63"]
[EventDate "2017.06.21"]
[EventType "team-swiss"]
[EventRounds "8"]
[EventCountry "SVK"]
[SourceTitle "CBM 179 Extra"]
[Source "ChessBase"]
[SourceDate "2017.08.23"]
[SourceVersion "1"]
[SourceVersionDate "2017.08.23"]
[SourceQuality "1"]
[WhiteTeam "Opavsko"]
[BlackTeam "Liptov Chess School"]
[WhiteTeamCountry "CZE"]
[BlackTeamCountry "SVK"]

1. e4 c5 2. Nc3 e6 3. d3 a6 4. a4 b6 5. g3 Bb7 6. Bg2 d5 7. f4 Ne7 8. Nf3 Nbc6 9. 0-0 Qd7 10. Nh4 d4 11. Ne2 Ng6 12. f5 Nxh4 13. fxe6 Qxe6 14. Nf4 Qe7 15. Nd5 Qd8 16. gxh4 Ne5 17. Bf4 Bd6 18. Bg5 Qb8 19. Nxb6 Ra7 20. a5 Ng6 21. h5 Bxh2+ 22. Kh1 Ne5 23. h6 gxh6 24. Bf6 Rg8 25. Qh5 Bg3 26. Bxe5 Bxe4 27. Bxe4 Bxe5 28. Bc6+ Kd8 29. Rxf7 Bd6 30. Re1 Be7 31. Qd5+ Bd6 32. Rxa7 1-0

[Event "SVK-ch U16"]
[Site "Liptovsky Mikulas"]
[Date "2017.04.27"]
[Round "8"]
[White "Jakab, Bela"]
[Black "Brnusak, Andrej"]
[Result "1-0"]
[WhiteElo "2164"]
[BlackElo "1830"]
[PlyCount "75"]
[EventDate "2017.04.22"]
[EventType "swiss"]
[EventRounds "9"]
[EventCountry "SVK"]
[SourceTitle "CBM 178 Extra"]
[Source "ChessBase"]
[SourceDate "2017.06.22"]
[SourceVersion "1"]
[SourceVersionDate "2017.06.22"]
[SourceQuality "1"]

1. e4 e6 2. d4 d5 3. Nc3 Nf6 4. e5 Nfd7 5. f4 c5 6. Nf3 Nc6 7. Be3 Be7 8. Be2 0-0 9. 0-0 a6 10. a3 b5 11. Kh1 Qc7 12. dxc5 Nxc5 13. Nd4 Nxd4 14. Bxd4 f6 15. Rf3 fxe5 16. Bxe5 Bd6 17. Nxd5 exd5 18. Qxd5+ Be6 19. Qxd6 Qxd6 20. Bxd6 Rfc8 21. Re3 Bf7 22. Bg4 Rc6 23. Bf3 Rxd6 24. Bxa8 Bg6 25. Re2 Na4 26. c3 Nb6 27. Bf3 Nc4 28. Kg1 Nd2 29. Kf2 Nxf3 30. gxf3 Bh5 31. Rae1 Rf6 32. Re5 Bf7 33. Rd1 Bc4 34. Rd7 h6 35. Re8+ Kh7 36. Ree7 Rg6 37. f5 Rg5 38. h4 1-0

[Event "SVK-ch U16"]
[Site "Liptovsky Mikulas"]
[Date "2017.04.25"]
[Round "6"]
[White "Hadzala, Juraj"]
[Black "Brnusak, Andrej"]
[Result "0-1"]
[WhiteElo "1548"]
[BlackElo "1830"]
[PlyCount "96"]
[EventDate "2017.04.22"]
[EventType "swiss"]
[EventRounds "9"]
[EventCountry "SVK"]
[SourceTitle "CBM 178 Extra"]
[Source "ChessBase"]
[SourceDate "2017.06.22"]
[SourceVersion "1"]
[SourceVersionDate "2017.06.22"]
[SourceQuality "1"]

1. e4 c5 2. Nf3 e6 3. d4 cxd4 4. Nxd4 Nc6 5. Nc3 Qc7 6. Be2 a6 7. 0-0 Nf6 8. Re1 Bb4 9. Nxc6 bxc6 10. Bd2 0-0 11. Bd3 d5 12. e5 Nd7 13. f4 f6 14. Qh5 f5 15. Rad1 Be7 16. Kh1 Nc5 17. Re3 Rf7 18. Rh3 g6 19. Qf3 Rb8 20. b3 Bb7 21. Ne2 Nxd3 22. cxd3 c5 23. Qg3 Bc6 24. Ng1 a5 25. Be1 a4 26. d4 axb3 27. axb3 cxd4 28. Qd3 Qb6 29. Bf2 Bc5 30. Bxd4 Bxd4 31. Qxd4 Qxd4 32. Rxd4 Rfb7 33. Rc3 Be8 34. Rdd3 Rb4 35. Nh3 h6 36. Kg1 Bb5 37. Rd2 Ra8 38. g3 Kf8 39. Rb2 Bc4 40. Nf2 Rab8 41. Nd3 Bxd3 42. Rxd3 Ke7 43. Kf2 g5 44. Rf3 gxf4 45. gxf4 Rg8 46. h3 Rgb8 47. Rg3 Rxf4+ 48. Ke3 Re4+ 0-1

[Event "SVK-ch U16"]
[Site "Liptovsky Mikulas"]
[Date "2017.04.22"]
[Round "1"]
[White "Brnusak, Andrej"]
[Black "Taragel, Marian"]
[Result "1-0"]
[WhiteElo "1830"]
[BlackElo "1378"]
[PlyCount "45"]
[EventDate "2017.04.22"]
[EventType "swiss"]
[EventRounds "9"]
[EventCountry "SVK"]
[SourceTitle "CBM 178 Extra"]
[Source "ChessBase"]
[SourceDate "2017.06.22"]
[SourceVersion "1"]
[SourceVersionDate "2017.06.22"]
[SourceQuality "1"]

1. e4 e5 2. Nf3 Nc6 3. Bb5 a6 4. Ba4 Nf6 5. 0-0 b5 6. Bb3 Be7 7. Re1 0-0 8. c3 Bb7 9. d4 d6 10. Nbd2 Nd7 11. Nf1 Na5 12. Bc2 Rc8 13. Ng3 exd4 14. Nxd4 d5 15. e5 Nc6 16. Nf3 Nb6 17. Nf5 f6 18. e6 Re8 19. Qd3 Bd6 20. Nh6+ Kf8 21. Nf7 Qe7 22. Qxh7 Nd8 23. Qh8# 1-0

[Event "Oravska Priehrada op"]
[Site "Oravska Priehrada"]
[Date "2016.08.28"]
[Round "5"]
[White "Brnusak, Andrej"]
[Black "Priechodsky, Radovan"]
[Result "1-0"]
[WhiteElo "1622"]
[BlackElo "1223"]
[PlyCount "89"]
[EventDate "2016.08.26"]
[EventType "swiss"]
[EventRounds "7"]
[EventCountry "SVK"]
[SourceTitle "CBM 174 Extra"]
[Source "ChessBase"]
[SourceDate "2016.10.10"]
[SourceVersion "1"]
[SourceVersionDate "2016.10.10"]
[SourceQuality "1"]

1. e4 e5 2. Nf3 Nc6 3. Bb5 Nd4 4. Nxd4 exd4 5. 0-0 c6 6. Bc4 Bc5 7. Bxf7+ Kf8 8. Bb3 d6 9. d3 Nf6 10. Bg5 h6 11. Bh4 Qe8 12. Bxf6 gxf6 13. Qf3 Qg6 14. Nd2 Ke7 15. Rfe1 Be6 16. Bxe6 Kxe6 17. Nf1 Kd7 18. Ng3 Rh7 19. Nh5 Bb4 20. Nxf6+ Kc7 21. Nxh7 Bxe1 22. Rxe1 Qxh7 23. Qf5 Qg7 24. e5 Rf8 25. exd6+ Kxd6 26. Qe6+ Kc7 27. Qe7+ Qxe7 28. Rxe7+ Kc8 29. g3 Rf6 30. f4 c5 31. Kf2 b5 32. Rxa7 c4 33. Ra5 cxd3 34. cxd3 Rb6 35. Kf3 Re6 36. Rxb5 Re3+ 37. Kf2 Rxd3 38. Ke2 Re3+ 39. Kd2 Rf3 40. Re5 Rf2+ 41. Re2 Rf3 42. Kd1 Kd7 43. Re5 Kd6 44. Ke2 Rxg3 45. hxg3 1-0

[Event "Oravska Priehrada op"]
[Site "Oravska Priehrada"]
[Date "2016.08.28"]
[Round "4"]
[White "Sivcak, Matej"]
[Black "Brnusak, Andrej"]
[Result "1/2-1/2"]
[WhiteElo "1400"]
[BlackElo "1622"]
[PlyCount "105"]
[EventDate "2016.08.26"]
[EventType "swiss"]
[EventRounds "7"]
[EventCountry "SVK"]
[SourceTitle "CBM 174 Extra"]
[Source "ChessBase"]
[SourceDate "2016.10.10"]
[SourceVersion "1"]
[SourceVersionDate "2016.10.10"]
[SourceQuality "1"]

1. d4 Nf6 2. c4 g6 3. Bf4 Bg7 4. Nc3 0-0 5. h3 d6 6. Nf3 Nbd7 7. e3 c5 8. Be2 a6 9. 0-0 Qc7 10. Qd2 Nb6 11. d5 Bd7 12. e4 Na4 13. Nxa4 Bxa4 14. Qe3 Rfe8 15. Bd3 Nh5 16. Rab1 Nxf4 17. Qxf4 h6 18. b3 Bd7 19. Rfe1 b5 20. e5 bxc4 21. bxc4 Rf8 22. Qg3 Rab8 23. e6 Rxb1 24. Bxb1 fxe6 25. dxe6 Be8 26. Bxg6 Bxg6 27. Qxg6 Qa5 28. Rf1 Qxa2 29. Nh4 Qb2 30. Nf5 Qf6 31. Nxh6+ Kh8 32. Qxf6 Rxf6 33. Nf7+ Kg8 34. Re1 Bf8 35. Nxd6 exd6 36. e7 Bxe7 37. Rxe7 Rf4 38. Re6 Rxc4 39. Rxd6 Rc1+ 40. Kh2 Rc2 41. Rxa6 Rxf2 42. Rc6 Rc2 43. h4 c4 44. Kh3 c3 45. g3 Rc1 46. Kg4 c2 47. Kg5 Rg1 48. Rxc2 Rxg3+ 49. Kf4 Rg1 50. h5 Kh7 51. Kf3 Kh6 52. Rc8 Kh7 53. Kf2 1/2-1/2

[Event "World ol U16"]
[Site "Poprad"]
[Date "2016.07.23"]
[Round "3.2"]
[White "Peng, Shunkai"]
[Black "Brnusak, Andrej"]
[Result "1-0"]
[WhiteElo "1944"]
[BlackElo "1626"]
[PlyCount "63"]
[EventDate "2016.07.22"]
[EventType "team-swiss"]
[EventRounds "9"]
[EventCountry "SVK"]
[SourceTitle "EXT 2017"]
[Source "ChessBase"]
[SourceDate "2016.10.25"]
[SourceVersion "1"]
[SourceVersionDate "2016.10.25"]
[SourceQuality "1"]
[WhiteTeam "China II"]
[BlackTeam "Slovakia LSS"]
[WhiteTeamCountry "CHN"]
[BlackTeamCountry "SVK"]

1. e4 c5 2. Nf3 e6 3. d3 Nc6 4. g3 Qc7 5. Bg2 Nf6 6. 0-0 d5 7. Qe2 dxe4 8. dxe4 Be7 9. e5 Nd5 10. c4 Nb6 11. Rd1 0-0 12. Nc3 a6 13. Bf4 Bd7 14. Ne4 Rad8 15. Nf6+ Kh8 16. Ng5 h6 17. Qh5 Nxc4 18. Nxf7+ Rxf7 19. Qxf7 Rf8 20. Rxd7 Qxd7 21. Qxf8+ Bxf8 22. Nxd7 Be7 23. Bxc6 bxc6 24. Rc1 Nxb2 25. Nxc5 g5 26. Be3 Bxc5 27. Rxc5 Kg8 28. Rxc6 Kf7 29. Rc7+ Kg6 30. g4 Nd3 31. Bd4 Nf4 32. Kf1 1-0

[Event "Liptovsky Mikulas CupT U20"]
[Site "Liptovsky Mikulas"]
[Date "2016.06.25"]
[Round "7.1"]
[White "Brnusak, Andrej"]
[Black "Durica, Adam"]
[Result "0-1"]
[WhiteElo "1668"]
[BlackElo "1761"]
[PlyCount "84"]
[EventDate "2016.06.21"]
[EventType "team-swiss"]
[EventRounds "8"]
[EventCountry "SVK"]
[SourceTitle "CBM 173 Extra"]
[Source "ChessBase"]
[SourceDate "2016.08.29"]
[SourceVersion "1"]
[SourceVersionDate "2016.08.29"]
[SourceQuality "1"]
[WhiteTeam "Liptov Chess School (U20) II"]
[BlackTeam "Liptov Chess School (U20)"]
[WhiteTeamCountry "SVK"]
[BlackTeamCountry "SVK"]

1. e4 d6 2. d4 c6 3. Nf3 Bg4 4. Be2 Nd7 5. 0-0 g6 6. h3 Bxf3 7. Bxf3 Bg7 8. Be3 Qc7 9. Nd2 e5 10. Nc4 0-0-0 11. c3 Ne7 12. Qa4 a6 13. dxe5 Bxe5 14. Be2 d5 15. exd5 Nxd5 16. Nxe5 Nxe5 17. Bd4 Rhe8 18. Bxe5 Rxe5 19. Bf3 f5 20. Bxd5 Rdxd5 21. Rad1 Rxd1 22. Rxd1 Re4 23. Qb3 Kb8 24. Qg8+ Ka7 25. Qb3 g5 26. Qc2 Qe5 27. Kf1 g4 28. hxg4 fxg4 29. g3 h5 30. Qd2 h4 31. Qd6 Re1+ 32. Rxe1 Qxd6 33. gxh4 Qh2 34. Re3 Qxh4 35. Kg2 Qh5 36. a3 b5 37. Kg1 Kb6 38. Kg2 a5 39. f4 gxf3+ 40. Rxf3 Qg5+ 41. Kh3 Qd2 42. b4 a4 0-1

[Event "Liptovsky Mikulas CupT U20"]
[Site "Liptovsky Mikulas"]
[Date "2016.06.22"]
[Round "3.1"]
[White "Sankova, Stella"]
[Black "Brnusak, Andrej"]
[Result "1-0"]
[WhiteElo "1792"]
[BlackElo "1668"]
[PlyCount "93"]
[EventDate "2016.06.21"]
[EventType "team-swiss"]
[EventRounds "8"]
[EventCountry "SVK"]
[SourceTitle "CBM 173 Extra"]
[Source "ChessBase"]
[SourceDate "2016.08.29"]
[SourceVersion "1"]
[SourceVersionDate "2016.08.29"]
[SourceQuality "1"]
[WhiteTeam "Detva Garde (U20)"]
[BlackTeam "Liptov Chess School (U20) II"]
[WhiteTeamCountry "SVK"]
[BlackTeamCountry "SVK"]

1. d4 Nf6 2. Nf3 g6 3. c4 Bg7 4. Nc3 0-0 5. e4 d6 6. Be2 e5 7. 0-0 Nc6 8. d5 Ne7 9. Ne1 Ne8 10. Be3 f5 11. f3 f4 12. Bf2 g5 13. Nd3 Nf6 14. c5 h5 15. Rc1 Ng6 16. cxd6 cxd6 17. Nb5 b6 18. Nb4 Ne7 19. Qb3 Kh8 20. Rfd1 Ne8 21. Nc6 Nxc6 22. dxc6 a6 23. Nc3 b5 24. Nd5 Be6 25. Qa3 Bxd5 26. Rxd5 Rf6 27. Rcd1 Bf8 28. Rxe5 dxe5 29. Rxd8 Rxd8 30. Qxa6 Nc7 31. Qb7 Bd6 32. Bb6 Rf7 33. Bxb5 Rdf8 34. Bc4 Re7 35. Bxc7 Rxc7 36. Qb5 Rfc8 37. Bd5 Ra7 38. Qc4 Rb8 39. Qc2 Rb5 40. Kf1 Rc5 41. Qb3 Bc7 42. Qb4 Rc1+ 43. Ke2 Rc2+ 44. Kd1 Rxg2 45. Qf8+ Kh7 46. Bg8+ Kh8 47. Bf7+ 1-0